Principles of quantum mechanics

Saved in:
Bibliografiske detaljer
Hovedforfatter: Shankar, Ramamurti (Author)
Format: Bog
Sprog:engelsk
Udgivet: Nueva York Kluwer Academy 1994
Udgivelse:2a. ed
Fag:
Tags: Tilføj Tag
Ingen Tags, Vær først til at tagge denne postø!

MARC

LEADER 00000nam a2200000 a 4500
001 UCL8820
003 CL-VaPUC
008 040709e19940000US |||||||||||||||||eng|d
020 |a 0306447908 
082 0 4 |a 530.12  |b SHA  |2 21 
100 0 |a Shankar, Ramamurti  |e author  |9 486757 
245 1 0 |a Principles of quantum mechanics 
250 |a 2a. ed 
300 |a 676 p 
942 |c BK 
945 |d 20040709 00:00:00  |a cmena 
260 |a Nueva York  |b Kluwer Academy  |c 1994 
500 |a Proyecto Mecesup 
650 0 |a Mecánica cuántica  |9 306806 
650 0 |a Física matemática   |9 260981 
650 0 |a Teoría cuántica  |9 266148 
583 |a last modification  |c 20121115 11:49:38  |k Rodrigo Vera 
999 |c 309927  |d 309925 
952 |0 0  |1 0  |4 0  |6 530_120000000000000_SHA_1994  |7 0  |8 A  |9 377790  |a BIBCUR  |b BIBCUR  |d 2019-11-21  |i 4035046  |o 530.12 SHA 1994  |p 4035046  |r 2025-04-22  |w 2019-11-21  |y BK  |k FIS